MARC details
| 000 -LEADER |
| fixed length control field |
01970cab a2200397 4500 |
| 001 - CONTROL NUMBER |
| control field |
ABS47505 |
| 008 - FIXED-LENGTH DATA ELEMENTS--GENERAL INFORMATION |
| fixed length control field |
090401t1992 xxu||||| |||| 00| 0 eng d |
| 035 ## - SYSTEM CONTROL NUMBER |
| System control number |
(Sirsi) u62294 |
| 041 ## - LANGUAGE CODE |
| Language code of text/sound track or separate title |
eng |
| 100 ## - MAIN ENTRY--PERSONAL NAME |
| Personal name |
Smith, G. |
| 245 ## - TITLE STATEMENT |
| Title |
Government planning advice: help or hindrance to the development industry? |
| 260 ## - PUBLICATION, DISTRIBUTION, ETC. |
| Date of publication, distribution, etc. |
1992 |
| 350 ## - PRICE (NR) (BK AM CF MU VM SE) [OBSOLETE] |
| Price |
0 |
| 490 ## - SERIES STATEMENT |
| Series statement |
Property Journal |
| Volume/sequential designation |
October 1992, 21-23(3) |
| 520 ## - SUMMARY, ETC. |
| Summary, etc. |
Identifies the range of policy guidance offering advice on planning issues including DoE and DTp Circulars, Planning Policy Guidance (PPG) Notes and draft PPGs, Mineral Planning Guidance Notes and Ministeral statements. Footnotes summarise new and revised planning guidance issued July 1991 to July 1992. Concludes with examples of case law on a range of planning issues including green belt, presumption in favour of developments and evidence of demonstrable harm, housing land supply, Use Classes Order and the conversion of redundant buildings in the countryside. |
| 650 ## - SUBJECT ADDED ENTRY--TOPICAL TERM |
| Topical term or geographic name entry element |
BLAKER V SOS FOR THE ENVIRONMEMNT AND WEALDEN DC |
| 650 ## - SUBJECT ADDED ENTRY--TOPICAL TERM |
| Topical term or geographic name entry element |
CHARNWOOD BC V SOS FOR ENVIRONMENT AND SEYMOUR |
| 650 ## - SUBJECT ADDED ENTRY--TOPICAL TERM |
| Topical term or geographic name entry element |
LAUNCHDEAL LTD V SOS FOR ENVIRONMENT AND CAMDEN LBC |
| 650 ## - SUBJECT ADDED ENTRY--TOPICAL TERM |
| Topical term or geographic name entry element |
MINERAL PLANNING GUIDANCE NOTES |
| 650 ## - SUBJECT ADDED ENTRY--TOPICAL TERM |
| Topical term or geographic name entry element |
MINERAL PLANNING GUIDANCE |
| 650 ## - SUBJECT ADDED ENTRY--TOPICAL TERM |
| Topical term or geographic name entry element |
MINISTERAL STATEMENTS |
| 650 ## - SUBJECT ADDED ENTRY--TOPICAL TERM |
| Topical term or geographic name entry element |
ORCHARD V SOS FOR ENVIRONMENT AND STROUD DC |
| 650 ## - SUBJECT ADDED ENTRY--TOPICAL TERM |
| Topical term or geographic name entry element |
PEHRSSON V SOS FOR THE ENVIRONMENT |
| 650 ## - SUBJECT ADDED ENTRY--TOPICAL TERM |
| Topical term or geographic name entry element |
PLANNING ISSUES |
| 650 ## - SUBJECT ADDED ENTRY--TOPICAL TERM |
| Topical term or geographic name entry element |
PLANNING POLICY GUIDANCE |
| 650 ## - SUBJECT ADDED ENTRY--TOPICAL TERM |
| Topical term or geographic name entry element |
PLANNING POLICY |
| 650 ## - SUBJECT ADDED ENTRY--TOPICAL TERM |
| Topical term or geographic name entry element |
READING BC V SOS FOR ENVIRONMENT AND HIGGS AND HILL HOMES |
| 650 ## - SUBJECT ADDED ENTRY--TOPICAL TERM |
| Topical term or geographic name entry element |
ROBERTS V KINGSWOOD BC AND ANOTHER |
| 650 ## - SUBJECT ADDED ENTRY--TOPICAL TERM |
| Topical term or geographic name entry element |
SEVENOAKS DC V SOS FOR ENVIRONMENT AND FIRST CHOICE ESTATES |
| 650 ## - SUBJECT ADDED ENTRY--TOPICAL TERM |
| Topical term or geographic name entry element |
SOUTH OXFORDSHIRE DC V SOS FOR THE ENVIRONMENT |
| 650 ## - SUBJECT ADDED ENTRY--TOPICAL TERM |
| Topical term or geographic name entry element |
VISION ENGINEERING LTD V SOS FOR ENVIRONMENT AND GUILDFORD |
| 690 ## - LOCAL SUBJECT ADDED ENTRY--TOPICAL TERM (OCLC, RLIN) |
| Topical term or geographic name as entry element |
PLANNING LAW AND PRACTICE |
| 700 ## - ADDED ENTRY--PERSONAL NAME |
| Personal name |
Mackney, C. |
| 942 ## - ADDED ENTRY ELEMENTS (KOHA) |
| Suppress in OPAC |
0 |
| 948 ## - LOCAL PROCESSING INFORMATION (OCLC); SERIES PART DESIGNATOR (RLIN) |
| c (OCLC) |
04/03/1997 |